书目信息 |
| 题名: |
中国产业新城发展报告
|
|
| 作者: | 刘珂 主编 | |
| 分册: | 2020 产业新城与都市圈发展 | |
| 出版信息: | 北京 社会科学文献出版社 2021.01 |
|
| 页数: | 337页 | |
| 开本: | 24cm | |
| 丛书名: | 皮书系列 | |
| 单 册: | ||
| 中图分类: | F299.2 | |
| 科图分类: | ||
| 主题词: | 城市发展--cheng shi fa zhan--研究报告--中国--2020 | |
| 电子资源: | ||
| ISBN: | 978-7-5201-7822-8 | |
| 000 | 01458nam 2200349 450 | |
| 001 | 202021193223 | |
| 005 | 20211025120136.0 | |
| 010 | @a978-7-5201-7822-8@dCNY128.00 | |
| 092 | @aCN@bRt966-2534 | |
| 100 | @a20210927d2021 em y0chiy50 ea | |
| 101 | 0 | @achi@deng@eeng |
| 102 | @aCN@b110000 | |
| 105 | @aa a 000yy | |
| 106 | @ar | |
| 200 | 1 | @a中国产业新城发展报告@Azhong guo chan ye xin cheng fa zhan bao gao@h2020@d= Annual report on China industrial new city@h2020@i产业新城与都市圈发展@f主编刘珂@zeng |
| 210 | @a北京@c社会科学文献出版社@d2021.01 | |
| 215 | @a337页@c图@d24cm | |
| 225 | 2 | @a皮书系列@Api shu xi lie |
| 300 | @a产业新城蓝皮书 No.2 2020版 | |
| 314 | @a刘珂, 博士, 郑州轻工业大学经济与管理学院教授, 硕士研究生导师。 | |
| 320 | @a有书目 | |
| 330 | @a本书是实现城镇化高质量发展的基本途径, 也是通过产城一体化推进产业转型升级的重要抓手, 将在更高层次满足人民群众对美好生活的需求、并带动区域经济社会协调发展。内容包括: 总报告 ; 都市圈发展篇 ; 经济发展篇等。 | |
| 410 | 0 | @12001 @a皮书系列 |
| 510 | 1 | @aNual report on China industrial new city@h2020@zeng |
| 516 | 1 | @a2020产业新城蓝皮书@A2020 chan ye xin cheng lan pi shu |
| 517 | 1 | @a产业新城与都市圈发展@Achan ye xin cheng yu du shi quan fa zhan |
| 606 | 0 | @a城市发展@Acheng shi fa zhan@x研究报告@y中国@z2020 |
| 690 | @aF299.2@v5 | |
| 701 | 0 | @a刘珂@Aliu ke@4主编 |
| 801 | 0 | @aCN@c20210909 |
| 905 | @a河南城建学院图书馆@dF299.2@eL641 | |
| 969 | @aYBBK@bYBBK | |
| 中国产业新城发展报告.2020= Annual report on China industrial new city.2020.产业新城与都市圈发展/主编刘珂.-北京:社会科学文献出版社,2021.01 |
| 337页:图;24cm.-(皮书系列) |
| 产业新城蓝皮书 No.2 2020版 |
| ISBN 978-7-5201-7822-8:CNY128.00 |
| 本书是实现城镇化高质量发展的基本途径, 也是通过产城一体化推进产业转型升级的重要抓手, 将在更高层次满足人民群众对美好生活的需求、并带动区域经济社会协调发展。内容包括: 总报告 ; 都市圈发展篇 ; 经济发展篇等。 |
| ● |
| 相关链接 |
|
|
|
正题名:中国产业新城发展报告
索取号:F299.2/L641
 
预约/预借
| 序号 | 登录号 | 条形码 | 馆藏地/架位号 | 状态 | 备注 |
| 1 | 1542210 | 215422102 | 社科库409/409社科库 114排2列1层/ [索取号:F299.2/L641] | 在馆 |